[Event "39th Olympiad Women"]
[Site "Khanty-Mansiysk RUS"]
[Date "2010.09.24"]
[Round "4"]
[White "Sebag,M"]
[Black "Sukandar,I"]
[Result "0-1"]
[WhiteElo "2499"]
[BlackElo "2372"]

1.e4 c5 2.Nf3 e6 3.d4 cxd4 4.Nxd4 Nc6 5.Nc3 d6 6.Be3 Nf6 7.f3 Be7 8.Qd2 O-O
9.O-O-O d5 10.Be2 dxe4 11.Nxc6 Qxd2+ 12.Rxd2 bxc6 13.Nxe4 Nxe4 14.fxe4 e5
15.Bc4 Kh8 16.Rf1 f6 17.c3 a5 18.Bb6 a4 19.Bc7 Ba6 20.Bxa6 Rxa6 21.Bd6 Bxd6
22.Rxd6 Kg8 23.Rd7 Rf7 24.Rfd1 h5 25.R1d6 Rxd7 26.Rxd7 Kh7 27.Kc2 h4 28.c4 Kh6
29.Kc3 g6 30.Rd6 Kg5 31.c5 f5 32.Kd3 Kf4 33.exf5 e4+ 34.Kd4 gxf5 35.Rh6 Kg5
36.Re6 Ra8 37.Rxc6 Re8 38.Ke3 f4+ 39.Ke2 h3 40.gxh3 e3 41.Ke1 f3 42.h4+ Kf5
43.Rc7 Kf6 44.Rc6+ Kf7 45.Rc7+ Kg8 46.Rc6 f2+ 47.Ke2 Rf8  0-1

[Event "39th Olympiad Men"]
[Site "Khanty-Mansiysk RUS"]
[Date "2010.09.24"]
[Round "4"]
[White "Djuraev,S"]
[Black "Roselli Mailhe,B"]
[Result "0-1"]
[WhiteElo "2397"]
[BlackElo "2399"]

1.e4 c5 2.Ne2 e6 3.Nbc3 Nc6 4.d4 cxd4 5.Nxd4 Nf6 6.Ndb5 Bb4 7.a3 Bxc3+ 8.Nxc3 d5
9.exd5 exd5 10.Bd3 d4 11.Ne2 O-O 12.O-O Re8 13.b4 Nd5 14.Nf4 Nc3 15.Qh5 h6
16.Bd2 Ne5 17.Rfe1 Bg4 18.Qxe5 Rxe5 19.Rxe5 Qd6 20.Rae1 Kf8 21.Bxc3 dxc3
22.Bb5 g6 23.Ba4 a5 24.bxa5 Qxa3 25.Bb3 Bd7 26.R5e3 Re8 27.h4 Rxe3 28.Rxe3 Ba4
29.Bd5 Bxc2 30.Ne2 Qxa5 31.Nxc3 Qc7 32.h5 gxh5 33.Rf3 Bg6 34.Bb3 Qc5 35.Nd5 Be4
36.Rc3 Qa5 37.Rc8+ Kg7 38.Ne7 Qa1+  0-1

[Event "39th Olympiad Women"]
[Site "Khanty-Mansiysk RUS"]
[Date "2010.09.24"]
[Round "4"]
[White "Zawadzka,J"]
[Black "Mijovic,A"]
[Result "1/2-1/2"]
[WhiteElo "2410"]
[BlackElo "2182"]

1.e4 c5 2.Nf3 e6 3.d4 cxd4 4.Nxd4 Nc6 5.Nc3 Qc7 6.Be3 a6 7.Qd2 Nf6 8.O-O-O Bb4
9.f3 Ne5 10.Nb3 b5 11.Kb1 Be7 12.Qf2 d6 13.g4 Nfd7 14.Rg1 Bb7 15.f4 b4 16.Na4 Nc4
17.Bxc4 Qxc4 18.e5 Bd5 19.exd6 Bxd6 20.f5 O-O 21.Nc1 Qc6 22.Nb6 Nxb6 23.Bxb6 Rfc8
24.Rge1 a5 25.Bd4 a4 26.Re3 b3 27.Rc3 bxa2+ 28.Ka1 Qb7 29.Qd2 Bb4 30.Rxc8+ Rxc8
31.c3 Bf8 32.Nd3 Bb3 33.Re1 a3 34.fxe6 axb2+ 35.Qxb2 fxe6 36.Nc1 Bd5 37.Qxb7 Bxb7
38.Kxa2 Bd5+ 39.Kb2 Ra8 40.Be5 Ra4 41.h3 Ba3+ 42.Kc2 Bc5 43.Bg3 Kf7 44.Nd3 Be7
45.Ne5+ Ke8 46.Kd3 Bd6 47.Bf2 Ra2 48.Bd4 Rh2 49.Re3 Bg2 50.Nf3 Rxh3 51.Ng5 Rxe3+
52.Bxe3 Ke7 53.Nxh7 Bh3 54.Ng5 Bxg4 55.Ne4 Bf5 56.Bg5+ Kd7 57.Ke3 Ba3 58.Kf3 Kc6
59.c4 Bb2 60.Be3 e5 61.Bf2 g6 62.Bh4 Be6 63.Nd2 Kc5 64.Bg3 Kd4 65.Kf2 Kd3
66.Nf3 e4 67.Ne5+ Bxe5 68.Bxe5 e3+ 69.Ke1 Ke4 70.Bf6 Kf5 71.Bd4 Kf4 72.c5 Bd7
73.Bg7 g5 74.Bh6 Bb5 75.Kd1 Kf5 76.c6 Bxc6 77.Ke2 Kf4 78.Bxg5+  1/2-1/2

[Event "39th Olympiad Men"]
[Site "Khanty-Mansiysk RUS"]
[Date "2010.09.24"]
[Round "4"]
[White "Ismagambetov,An"]
[Black "Morrison,G SCO"]
[Result "1-0"]
[WhiteElo "2492"]
[BlackElo "2345"]

1.e4 c5 2.Nf3 e6 3.d4 cxd4 4.Nxd4 Nc6 5.Nc3 d6 6.g3 Nf6 7.Bg2 Bd7 8.Be3 Be7
9.O-O O-O 10.Qe2 a6 11.Nb3 b5 12.a4 b4 13.Nb1 e5 14.N1d2 a5 15.Nc4 Rb8 16.Rfd1 Qc7
17.Bg5 Bg4 18.Bf3 Be6 19.Ne3 Bxb3 20.Bxf6 Bxf6 21.cxb3 Nd4 22.Rxd4 exd4 23.Nd5 Qc5
24.Rd1 Be5 25.Qd2 Qa7 26.h4 g6 27.h5 Rbc8 28.Be2 Kg7 29.Kg2 d3 30.Qxd3 Bxb2
31.Qd2 Bc3 32.Qg5 Rc5 33.Bc4 Re8 34.Qe3 Re5 35.hxg6 hxg6 36.Rh1 g5 37.Qf3 Rexd5
38.Bxd5 Qe7 39.Qf5 Bf6 40.Rh7+ Kf8 41.Qh3  1-0

[Event "39th Olympiad Women"]
[Site "Khanty-Mansiysk RUS"]
[Date "2010.09.25"]
[Round "5"]
[White "Makropoulou,M"]
[Black "Galojan,L"]
[Result "1/2-1/2"]
[WhiteElo "2230"]
[BlackElo "2373"]

1.e4 c5 2.Nf3 e6 3.d4 cxd4 4.Nxd4 Nc6 5.Nc3 Qc7 6.Be3 a6 7.Bd3 Nf6 8.O-O Bd6
9.h3 Bh2+ 10.Kh1 Bf4 11.Bxf4 Qxf4 12.Nde2 Qc7 13.f4 d6 14.Qe1 b6 15.Qg3 O-O
16.Rae1 Bb7 17.Ng1 Nb4 18.Nf3 Nxd3 19.cxd3 b5 20.a3 Qb6 21.e5 Nd7 22.f5 dxe5
23.Nxe5 Nxe5 24.Rxe5 exf5 25.Rexf5 Rae8 26.Nd5 Bxd5 27.Rxd5 Re6 28.Re5 Rd6
29.Re4 Qd8 30.Rf3 Rc6 31.d4 Qd5 32.Qe5 Qxe5 33.Rxe5 Rd6 34.Rd3 Rfd8 35.Kg1 Kf8
36.Re4 Re8 37.Rxe8+ Kxe8 38.Kf2 Re6 39.Kf3 Kd7 40.Rc3 Re8 41.Rc5  1/2-1/2

[Event "39th Olympiad Women"]
[Site "Khanty-Mansiysk RUS"]
[Date "2010.09.25"]
[Round "5"]
[White "Abrahamyan,T"]
[Black "Kaps,D"]
[Result "1-0"]
[WhiteElo "2352"]
[BlackElo "2300"]

1.e4 c5 2.Nf3 e6 3.d4 cxd4 4.Nxd4 Nc6 5.Nc3 Qc7 6.Be3 a6 7.Qd2 Nf6 8.O-O-O Bb4
9.f3 Ne5 10.Nb3 Nc4 11.Bxc4 Qxc4 12.Bd4 Be7 13.e5 Nd5 14.Na5 Qc7 15.Nxd5 exd5
16.Bc3 b5 17.Nb3 Bb7 18.Nd4 g6 19.f4 Qc4 20.b3 Qc5 21.f5 b4 22.Bb2 O-O-O
23.Rhf1 h6 24.Qd3 Rhe8 25.Kb1 Bf8 26.fxg6 fxg6 27.Rde1 Qb6 28.e6 dxe6 29.Qxg6 Bc5
30.Nxe6 Kb8 31.Qg3+ Bd6 32.Nxd8 Rxd8 33.Qg6 d4 34.Re8 Rxe8 35.Qxe8+ Ka7 36.Qd7 Bc5
37.Rd1 a5 38.Bxd4 Ka6 39.Bxc5 Qxc5 40.Qd6+ Kb5 41.Qxc5+  1-0

[Event "39th Olympiad Women"]
[Site "Khanty-Mansiysk RUS"]
[Date "2010.09.25"]
[Round "5"]
[White "Gara,T"]
[Black "Bulmaga,I"]
[Result "1/2-1/2"]
[WhiteElo "2348"]
[BlackElo "2267"]

1.e4 c5 2.Nf3 e6 3.d4 cxd4 4.Nxd4 Nc6 5.Nc3 Qc7 6.Be2 a6 7.O-O Nf6 8.Kh1 Be7
9.f4 d6 10.Be3 O-O 11.Qe1 Na5 12.g4 Nc4 13.Bxc4 Qxc4 14.g5 Nh5 15.f5 g6 16.b3 Qc7
17.f6 Bd8 18.Nde2 Qc6 19.Rd1 Ba5 20.a3 Bxc3 21.Nxc3 b5 22.Rd4 Bb7 23.Rf3 Rfc8
24.Bf2 Qc5 25.Qd2 Qxa3 26.Bg3 b4 27.Ne2 Qa1+ 28.Kg2 Qb2 29.Qxb4 Rxc2 30.Qxb7 Rxe2+
31.Bf2 Rf8 32.Rc4 Rc2 33.Rxc2 Qxc2 34.Qxa6 Qxe4 35.Qxd6 Qg4+ 36.Bg3 Qxg5
37.Qd4 h6 38.b4 Ra8 39.Rf2 Ra3 40.Qd8+ Kh7 41.Qd7 Qd5+ 42.Qxd5 exd5 43.Rd2 Nxg3
44.hxg3 Rb3 45.Rxd5 g5 46.Rb5 Kg6 47.Rb6 g4 48.b5 Rb2+ 49.Kf1 h5 50.Rb8 Kxf6
51.b6 Kg7 52.b7 f5 53.Kg1 h4 54.gxh4 f4 55.h5 f3 56.Rd8 Rxb7 57.Rd6 Kh7 58.Rg6 Rb1+
59.Kf2 Rb2+ 60.Kg1 Rg2+ 61.Kf1 g3 62.Rf6 Rf2+ 63.Kg1 Kh8 64.Rg6 Rg2+ 65.Kf1 Kh7
66.Rf6  1/2-1/2

[Event "39th Olympiad Men"]
[Site "Khanty-Mansiysk RUS"]
[Date "2010.09.25"]
[Round "5"]
[White "Vocaturo,D"]
[Black "Quesada Perez,Yu"]
[Result "1/2-1/2"]
[WhiteElo "2581"]
[BlackElo "2614"]

1.e4 c5 2.Nf3 e6 3.d4 cxd4 4.Nxd4 Nc6 5.Nc3 Qc7 6.Be3 a6 7.Qd2 Nf6 8.O-O-O Bb4
9.f3 Ne7 10.Nde2 b5 11.Bf4 e5 12.Bg5 h5 13.Kb1 Ba5 14.Bxf6 gxf6 15.Nc1 Bb7
16.Nb3 Bxc3 17.Qxc3 Qxc3 18.bxc3 Rc8 19.c4 Bc6 20.Na5 Rb8 21.Kc1 h4 22.Rd6 Rh6
23.Be2 Rg6 24.g3 f5 25.Rxg6 fxg6 26.exf5 Nxf5 27.Nxc6 dxc6 28.cxb5 cxb5 29.Bd3 Kf7
30.Re1 hxg3 31.hxg3 Nxg3 32.Rxe5 Kf6 33.Rc5 Rb6 34.Kd2 Nf5 35.Kc3 Rd6 36.Be4 Kg5
37.a4 bxa4 38.Ra5 Kf4 39.Rxa4 Ke3 40.Kb4 Rb6+ 41.Ka5 Rf6 42.Ra3+ Kd4 43.Rd3+ Kc4
44.Bb7 Nd4 45.Bxa6+ Kc5 46.Bb7 Nc6+ 47.Ka4 Kb6 48.Rb3+ Kc7 49.Bxc6 Rxc6 50.c3 g5
51.Kb5 Rb6+ 52.Kc4 Rf6 53.Rb5 Rf4+ 54.Kb3 Rxf3 55.Rxg5 Rf6 56.c4 Rh6 57.Kb4 Kb6
58.Rb5+  1/2-1/2

[Event "39th Olympiad Men"]
[Site "Khanty-Mansiysk RUS"]
[Date "2010.09.25"]
[Round "5"]
[White "Isaev,J"]
[Black "Ovalle,R"]
[Result "1-0"]
[WhiteElo "2382"]
[BlackElo "2201"]

1.e4 c5 2.Nf3 e6 3.d4 cxd4 4.Nxd4 Nc6 5.Nc3 Qc7 6.Be3 a6 7.a3 Nf6 8.Bd3 Nxd4
9.Bxd4 Bc5 10.Be2 e5 11.Bxc5 Qxc5 12.Qd3 b5 13.O-O-O Bb7 14.g4 Rd8 15.g5 Ng8
16.Qd6 Qxd6 17.Rxd6 Ne7 18.Rhd1 Nc8 19.R6d2 Nb6 20.b3 h6 21.g6 f6 22.Bg4 Ke7
23.a4 b4 24.Rd6 Bc6 25.Ne2 h5 26.Bxd7 Rxd7 27.Rxc6 Rxd1+ 28.Kxd1 Rd8+ 29.Kc1 Rd6
30.Rxd6 Kxd6 31.Ng3 Ke7 32.Nxh5 Kf8 33.Ng3 Nd7 34.c3 bxc3 35.Kc2 Nc5 36.Kxc3 Ne6
37.h4 Nf4 38.h5 Nh3 39.b4 Nxf2 40.b5 Nxe4+  1-0

[Event "39th Olympiad Women"]
[Site "Khanty-Mansiysk RUS"]
[Date "2010.09.25"]
[Round "5"]
[White "Yuan Yuanling"]
[Black "Mir Mahmoud,A"]
[Result "1-0"]
[WhiteElo "2189"]
[BlackElo "2014"]

1.e4 c5 2.Nf3 e6 3.d4 cxd4 4.Nxd4 Nc6 5.Nc3 Qc7 6.Be2 Nf6 7.O-O a6 8.Be3 Bb4
9.Na4 Be7 10.Nxc6 bxc6 11.Nb6 Rb8 12.Nxc8 Qxc8 13.Bd4 c5 14.Be5 Rb6 15.Qd3 d6
16.Bc3 O-O 17.b3 Nd7 18.Rad1 Bf6 19.Ba5 Ne5 20.Qg3 Rc6 21.f4 Ng6 22.Kh1 Qb8
23.Bc4 Re8 24.Qf3 Qc8 25.Rd3 Qd7 26.Qh5 Rcc8 27.e5 Be7 28.Rh3 h6 29.Bd3 dxe5
30.Bxg6 fxg6 31.Qxg6 Qb5 32.c4 Qxa5 33.Rxh6 Bf6 34.fxe5 Rf8 35.Qh7+ Kf7 36.Rhxf6+  1-0

[Event "TCh-NED Meesterklasse 2010-11"]
[Site "Netherlands NED"]
[Date "2010.09.25"]
[Round "1.8"]
[White "Pijpers,A"]
[Black "Swinkels,R"]
[Result "1-0"]
[WhiteElo "2248"]
[BlackElo "2478"]

1.e4 c5 2.Nf3 e6 3.d4 cxd4 4.Nxd4 Nc6 5.Nc3 Qc7 6.Be3 a6 7.Be2 b5 8.Nxc6 Qxc6
9.Bf3 Bb7 10.e5 Qc7 11.Bxb7 Qxb7 12.O-O Rc8 13.Qd3 Ne7 14.Rad1 Nf5 15.Bg5 Rc4
16.Rfe1 Bb4 17.Re4 h6 18.g4 Bxc3 19.Rxc4 Bxe5 20.Qe4 Bxh2+ 21.Kf1 d5 22.Rxd5 O-O
23.Rd8 Qxe4 24.Rxf8+ Kxf8 25.Rc8+  1-0

[Event "EYCC Boys U14"]
[Site "Batumi GEO"]
[Date "2010.09.26"]
[Round "7"]
[White "Bayramov,E"]
[Black "Zaynutdinov,I"]
[Result "1-0"]
[WhiteElo "1929"]
[BlackElo "2045"]

1.e4 c5 2.Nf3 e6 3.d4 cxd4 4.Nxd4 Nc6 5.Nc3 d6 6.Be2 Nf6 7.O-O Be7 8.Be3 O-O
9.f4 e5 10.Nb3 exf4 11.Bxf4 Be6 12.Bf3 Ne5 13.Nd5 Nxf3+ 14.Qxf3 Bxd5 15.exd5 Qb6+
16.Kh1 Qb5 17.Rad1 Rac8 18.c3 a5 19.Nd4 Qd7 20.Bg5 Nxd5 21.Nf5 Bxg5 22.Rxd5 Rc5
23.Rxd6 Qc7 24.Qg3 Bf6 25.Qd3 Rc6 26.Nh6+ Kh8 27.Rd7 Qb6 28.Nxf7+ Kg8 29.Qd5 Re6
30.Nd6 Qe3 31.h3 Kh8 32.Nf7+ Kg8 33.Nd6 Qe5 34.Qc4 Qe2 35.Rxb7 Qxc4 36.Nxc4  1-0

[Event "EYCC Boys U18"]
[Site "Batumi GEO"]
[Date "2010.09.26"]
[Round "7"]
[White "Petrisor,A"]
[Black "Durarbeyli,V"]
[Result "0-1"]
[WhiteElo "2365"]
[BlackElo "2495"]

1.e4 c5 2.Nf3 e6 3.d4 cxd4 4.Nxd4 Nc6 5.Nc3 Qc7 6.g3 a6 7.Bg2 Nf6 8.O-O h5
9.h3 Bc5 10.Be3 d6 11.Re1 Ne5 12.Na4 Ba7 13.b3 b5 14.Nb2 Bb7 15.f4 Qc3 16.fxe5 dxe5
17.Nf5 exf5 18.Bxa7 Rxa7 19.Qd6 Nd7 20.Rad1 Bxe4 21.Nd3 Rh6  0-1

[Event "EYCC Boys U18"]
[Site "Batumi GEO"]
[Date "2010.09.26"]
[Round "7"]
[White "Bogdanovich,S"]
[Black "Baghdasaryan,V"]
[Result "1-0"]
[WhiteElo "2464"]
[BlackElo "2348"]

1.e4 c5 2.Nf3 e6 3.d4 cxd4 4.Nxd4 Nc6 5.Nc3 Qc7 6.g3 a6 7.Bg2 d6 8.O-O Be7
9.f4 b5 10.Be3 Nf6 11.h3 e5 12.Nf5 Bxf5 13.exf5 Rd8 14.Nd5 Nxd5 15.Qxd5 Nb4
16.Qb3 d5 17.fxe5 Qxc2 18.Rad1 Qxb3 19.axb3 Rd7 20.Kh2 Kd8 21.h4 Kc7 22.e6 Rdd8
23.exf7 Rhf8 24.Bf3 Rxf7 25.Bh5 Rff8 26.Bd4 Rg8 27.Bf3 Rd7 28.Rfe1 Bd6 29.Kg2 Rgd8
30.Re6 Rf7 31.Be5 Rxf5 32.Re7+  1-0

[Event "EYCC Boys U18"]
[Site "Batumi GEO"]
[Date "2010.09.26"]
[Round "7"]
[White "Mammadov,A"]
[Black "Massoni,M"]
[Result "1/2-1/2"]
[WhiteElo "2358"]
[BlackElo "2299"]

1.e4 c5 2.Nf3 e6 3.d4 cxd4 4.Nxd4 Nc6 5.Nc3 Qc7 6.Be2 a6 7.Be3 Nf6 8.O-O Bb4
9.Na4 Be7 10.Nxc6 bxc6 11.Nb6 Rb8 12.Nxc8 Qxc8 13.Bd4 c5 14.Be5 Rb6 15.b3 O-O
16.Qd3 d6 17.Bc3 d5 18.e5 Ne4 19.Ba5 Rb5 20.Be1 Qc7 21.Qd1 c4 22.f3 Nc5 23.bxc4 dxc4
24.Bxc4 Rb2 25.Qe2 Rc8 26.Bc3 Rbb8 27.Bd4 Rd8 28.Bf2 Na4 29.Bb3 Nc3 30.Qxa6 Qxe5
31.Rae1 Qd6 32.Qxd6 Bxd6 33.g3 Ra8 34.Ra1 Be5 35.Kg2 Rd2 36.f4 Bf6 37.Kf3 Rd6
38.Be1 Nb5 39.Rc1 Rc6 40.Rf2 Rac8 41.Rg2 g6 42.Ke3 Bd4+ 43.Ke4 Bc3 44.Bxc3 Rxc3
45.Rd2 Na3 46.Rd3 R3c6 47.c3 Nb5 48.c4 Nd6+ 49.Kd4 Kf8 50.g4 Re8 51.a4 Nb7
52.Kc3 Ke7 53.Rcd1 g5 54.Rd4 h5 55.h3 hxg4 56.hxg4 Nd6 57.R1d3  1/2-1/2

[Event "TCh-BEL 2010-11"]
[Site "Belgium BEL"]
[Date "2010.09.26"]
[Round "1.2"]
[White "Hommeles,T"]
[Black "Philippe,C"]
[Result "0-1"]
[WhiteElo "2426"]
[BlackElo "2417"]

1.e4 c5 2.Nf3 e6 3.d4 cxd4 4.Nxd4 Nc6 5.Nc3 a6 6.Be2 d6 7.O-O Nf6 8.Kh1 Be7
9.f4 O-O 10.Be3 Bd7 11.Nf3 Qc7 12.Qe1 b5 13.Bd3 Nb4 14.Rc1 Nxd3 15.cxd3 Qb7
16.Bd4 Rfc8 17.Qd2 b4 18.Ne2 a5 19.b3 Rxc1 20.Rxc1 Rc8 21.h3 Bb5 22.Kg1 Kf8
23.Rc2 Ke8 24.Qc1 Rxc2 25.Qxc2 Bd8 26.Nd2 d5 27.e5 Nd7 28.Kf2 Qa6 29.Ke3 f6
30.Nf3 a4 31.Kd2 axb3 32.axb3 Nb8 33.g4 Nc6 34.exf6 gxf6 35.h4 e5 36.fxe5 fxe5
37.Bxe5 Nxe5 38.Nxe5 Bxh4 39.Nd4 Bg5+ 40.Ke2 Bd7 41.Qc5 Qa2+ 42.Kf1 Be3 43.Qc2 Qa1+
44.Ke2 Bxd4  0-1

[Event "EYCC Boys U12"]
[Site "Batumi GEO"]
[Date "2010.09.27"]
[Round "8"]
[White "Pak,Alexander"]
[Black "Ghvamberia,N"]
[Result "0-1"]
[WhiteElo "2020"]
[BlackElo "1752"]

1.e4 c5 2.Nf3 Nc6 3.Nc3 e6 4.d4 cxd4 5.Nxd4 d6 6.Be2 Be7 7.O-O Nf6 8.Be3 O-O
9.Kh1 a6 10.f4 Qc7 11.Bf3 Na5 12.Bg1 Rb8 13.Qe1 b5 14.e5 dxe5 15.fxe5 Nd7
16.Nf5 Bd8 17.Nd6 Nc4 18.Nxc4 Qxc4 19.Qg3 Qb4 20.Ba7 Bc7 21.Bxb8 Bxb8 22.Rae1 Qxb2
23.Bd1 Bxe5 24.Rxe5 Nxe5 25.Qxe5 b4 26.Rf3 bxc3 27.Qxc3 Qxa2 28.Rg3 g6 29.h3 Bb7
30.Qb4 Qd5 31.Qe1 Rd8 32.Bf3 Qd7 33.Bxb7 Qxb7 34.Rb3 Qc6 35.Rc3 Qb5 36.Rb3 Qc4
37.Rc3 Qb4 38.Qe5 Qb1+ 39.Kh2 Qb8 40.Qxb8 Rxb8  0-1

[Event "EYCC Girls U16"]
[Site "Batumi GEO"]
[Date "2010.09.27"]
[Round "8"]
[White "Jalabadze,N"]
[Black "Bea,B"]
[Result "1/2-1/2"]
[WhiteElo "2043"]
[BlackElo "2109"]

1.e4 c5 2.Nf3 e6 3.d4 cxd4 4.Nxd4 Nc6 5.Nc3 Qc7 6.g3 a6 7.Bg2 d6 8.O-O Bd7
9.Re1 Nf6 10.Nxc6 bxc6 11.Na4 Rb8 12.c4 c5 13.Nc3 Be7 14.b3 O-O 15.Bf4 Bc6
16.e5 Ne8 17.Bxc6 Qxc6 18.exd6 Bxd6 19.Qd2 Bxf4 20.Qxf4 Nd6 21.Rad1 Rbd8
22.Qe5 Nf5 23.Qe4 Qc7 24.Ne2 Qa5 25.Qc2 Rfe8 26.Kg2 Nd4 27.Nxd4 cxd4 28.Re2 Qc5
29.Qe4 e5 30.f3  1/2-1/2

[Event "39th Olympiad Women"]
[Site "Khanty-Mansiysk RUS"]
[Date "2010.09.27"]
[Round "6"]
[White "Muminova,N"]
[Black "Vega Gutierrez,S"]
[Result "1/2-1/2"]
[WhiteElo "2319"]
[BlackElo "2368"]

1.e4 c5 2.Nf3 e6 3.d4 cxd4 4.Nxd4 Nc6 5.Nc3 a6 6.Be2 d6 7.O-O Nf6 8.Be3 Be7
9.f4 O-O 10.Kh1 Bd7 11.Qe1 b5 12.a3 Qb8 13.Qg3 b4 14.axb4 Qxb4 15.Rfd1 Qxb2
16.Na4 Qb7 17.Bd3 g6 18.Nf3 Nb4 19.Rdb1 Nxe4 20.Bxe4 Qxe4 21.Nd2 Qxc2 22.Rxb4 Bf6
23.Rc4 Qf5 24.Ra2 Bb5 25.Rc1 Rac8 26.Re1 Rc2 27.Rxc2 Qxc2 28.Nb6 Bc3 29.Qf2 d5
30.f5 Qxf5 31.Qg1 d4 32.Bh6 Rb8 33.Rc1 Qh5 34.Bf4 e5 35.Ne4 Qf5 36.Nd5 Kg7
37.Nexc3 dxc3 38.Bg3 c2 39.Ne3 Qe4 40.Nxc2 Rc8 41.Ne3 Rxc1 42.Qxc1 Bc6 43.Qc3 f6
44.h3 a5 45.Qc5 g5 46.Be1 a4 47.Ba5 Kg6 48.Bd8 Ba8 49.Kh2 Qf4+ 50.Kh1 Qd4
51.Bb6 Qxc5 52.Bxc5 f5 53.Kg1 f4 54.Nc4 Kf5 55.Kf2 h5 56.g4+ hxg4 57.Nd6+ Ke6
58.hxg4 e4 59.Nf5 Kd5 60.Be7 e3+ 61.Ke2 Ke4 62.Nd6+ Kd4 63.Bf6+ Kd5 64.Nb5 Kc4
65.Nc7 Bc6 66.Bxg5 Bd7 67.Bxf4 Bxg4+  1/2-1/2

[Event "39th Olympiad Men"]
[Site "Khanty-Mansiysk RUS"]
[Date "2010.09.27"]
[Round "6"]
[White "Agopov,M"]
[Black "Fier,A"]
[Result "0-1"]
[WhiteElo "2419"]
[BlackElo "2588"]

1.e4 c5 2.Nf3 e6 3.d4 cxd4 4.Nxd4 Nc6 5.Nc3 Qc7 6.Be3 a6 7.Qd2 Nf6 8.O-O-O Be7
9.f3 O-O 10.g4 b5 11.g5 Nh5 12.Nce2 Rd8 13.f4 g6 14.Bg2 e5 15.fxe5 Nxe5 16.Rhf1 Nc4
17.Qd3 Bb7 18.h4 Bf8 19.Bg1 Re8 20.Kb1 Qe5 21.Nc3 Qg3 22.Qxg3 Nxg3 23.Rfe1 Bb4
24.Nb3 Bxc3 25.bxc3 Bxe4 26.Bh3 Bf5 27.Bg2 Rad8 28.Nd4 Bg4 29.Rc1 Ne2 30.Nxe2 Bxe2
31.Bb7 d5 32.a4 bxa4 33.Bc6 Re4 34.Bd4 Nd2+ 35.Kb2 Nf3 36.Rh1 Nxd4  0-1

[Event "EYCC Boys U18"]
[Site "Batumi GEO"]
[Date "2010.09.28"]
[Round "9"]
[White "Bazeev,G"]
[Black "Krejci,Jan2"]
[Result "0-1"]
[WhiteElo "2348"]
[BlackElo "2454"]

1.e4 c5 2.Nf3 e6 3.d4 cxd4 4.Nxd4 Nc6 5.Nc3 Qc7 6.Be3 a6 7.Qd2 Nf6 8.O-O-O Be7
9.f3 b5 10.Nxc6 dxc6 11.g4 e5 12.Qf2 Be6 13.Kb1 h5 14.g5 Nd7 15.f4 exf4 16.Bxf4 Qa5
17.Nd5 Bc5 18.Qe1 Qxe1 19.Nc7+ Ke7 20.Rxe1 Rad8 21.Nxe6 fxe6 22.g6 Bd4 23.e5 Bxe5
24.Bh3 Bxf4 25.Rxe6+ Kf8 26.Rd1 Bc7 27.Rde1 Nf6  0-1

[Event "EYCC Girls U16"]
[Site "Batumi GEO"]
[Date "2010.09.28"]
[Round "9"]
[White "Revo,T"]
[Black "Arabidze,M"]
[Result "1/2-1/2"]
[WhiteElo "1988"]
[BlackElo "2288"]

1.e4 c5 2.Nf3 e6 3.d4 cxd4 4.Nxd4 Nc6 5.Nc3 a6 6.Be3 Nxd4 7.Bxd4 Ne7 8.Bd3 Nc6
9.Be3 Be7 10.O-O O-O 11.a4 d6 12.f4 Bd7 13.Qf3 Nb4 14.Rad1 Nxd3 15.Rxd3 Bc6
16.Qg3 Bh4 17.Qg4 f5 18.exf5 Rxf5 19.Bd4 Bf6 20.Qe2 e5 21.fxe5 Rxf1+ 22.Kxf1 dxe5
23.Bxe5 Qf8 24.Bxf6 Qxf6+ 25.Kg1 Re8 26.Qf2 Qg5 27.Rd1 h6 28.h3 Re6 29.Rd4 Re1+
30.Kh2 Qe5+ 31.Qf4 Qe6 32.Qg4 Qe5+ 33.Qf4 Qe6 34.Qg4 Qe5+ 35.Qf4 Qe6  1/2-1/2

[Event "39th Olympiad Women"]
[Site "Khanty-Mansiysk RUS"]
[Date "2010.09.28"]
[Round "7"]
[White "Lestari,B"]
[Black "Zawadzka,J"]
[Result "1/2-1/2"]
[WhiteElo "2177"]
[BlackElo "2410"]

1.e4 c5 2.Nc3 Nc6 3.Nf3 e6 4.d4 cxd4 5.Nxd4 Qc7 6.Be3 a6 7.Bd3 Nf6 8.O-O h5
9.h3 b5 10.a4 b4 11.Na2 Bb7 12.Qe2 Bd6 13.Nf3 Ng4 14.Bd2 Bc5 15.c3 bxc3 16.bxc3 Nce5
17.Bf4 Bd6 18.Nxe5 Nxe5 19.Rab1 f6 20.Bxe5 Bxe5 21.f4 Bd6 22.Kh1 Bc5 23.Nb4 a5
24.Na6 Bxa6 25.Bxa6 Ke7 26.Bb5 Rad8 27.Rbd1 Ba7 28.Qf3 Bb8 29.e5 h4 30.Qg4 Kf7
31.Rd3 Rh6 32.Qd1 d5 33.c4 fxe5 34.fxe5+ Kg8 35.Re1 d4 36.Rxd4 Rxd4 37.Qxd4 Rh5
38.c5 Rxe5 39.Qxe5 Qxe5 40.Rxe5 Bxe5 41.c6 Bc7 42.Kg1 Kf7 43.Kf2 Ke7 44.Kf3 g5
45.Kg4 Kf6 46.Bc4 Bd8  1/2-1/2

[Event "39th Olympiad Men"]
[Site "Khanty-Mansiysk RUS"]
[Date "2010.09.28"]
[Round "7"]
[White "Kalezic,B"]
[Black "Morrison,G SCO"]
[Result "1-0"]
[WhiteElo "2449"]
[BlackElo "2345"]

1.e4 c5 2.Nf3 e6 3.d4 cxd4 4.Nxd4 Nc6 5.Nc3 d6 6.g3 Nf6 7.Bg2 Bd7 8.Nde2 a6
9.O-O Be7 10.h3 b5 11.a3 O-O 12.g4 h6 13.f4 Nh7 14.Be3 Qc7 15.Kh1 Rac8 16.Qe1 Na5
17.Rd1 Nc4 18.Bc1 a5 19.Rd3 Qb8 20.Nd4 b4 21.axb4 Qxb4 22.b3 Nb6 23.Bd2 Qc5
24.Be3 Qb4 25.Bd2 Qc5 26.Qg3 a4 27.e5 dxe5 28.fxe5 axb3 29.cxb3 Qa3 30.h4 Rfd8
31.g5 Be8 32.gxh6 g6 33.Be4 Rxd4 34.Rxd4 Bc6 35.Bxc6 Rxc6 36.Qf3  1-0

[Event "39th Olympiad Women"]
[Site "Khanty-Mansiysk RUS"]
[Date "2010.09.28"]
[Round "7"]
[White "Pereira,Am"]
[Black "Mijovic,A"]
[Result "1/2-1/2"]
[WhiteElo "1980"]
[BlackElo "2182"]

1.e4 c5 2.Nf3 Nc6 3.d4 cxd4 4.Nxd4 e6 5.Nc3 a6 6.Be2 Qc7 7.O-O Nf6 8.Be3 Be7
9.f4 d6 10.Kh1 O-O 11.Qe1 Nxd4 12.Bxd4 b5 13.a3 Bb7 14.Qg3 Bc6 15.e5 dxe5
16.Bxe5 Qb7 17.f5 exf5 18.Rxf5 Ne8 19.Bd3 g6 20.Rf4 f6 21.Bxg6 Bxg2+ 22.Qxg2 Qxg2+
23.Kxg2 hxg6 24.Nd5 Bd8 25.Raf1 Rc8 26.Bc3 Kg7 27.R1f2 g5 28.Rf5 Kg6 29.h4 Nd6
30.Rxg5+ Kh6 31.Nxf6 Bxf6 32.Bxf6 Rf7 33.Rg4 Kh5 34.Rd4 Nc4 35.Rd5+ Kg6 36.h5+ Kh7
37.Bd4 Rxf2+ 38.Kxf2 Nxb2 39.c3 Nd1+ 40.Ke2 Nxc3+ 41.Bxc3 Rxc3 42.Rd7+ Kh6
43.Rd6+ Kxh5  1/2-1/2

[Event "39th Olympiad Men"]
[Site "Khanty-Mansiysk RUS"]
[Date "2010.09.28"]
[Round "7"]
[White "Berbatov,K"]
[Black "Noritsyn,N"]
[Result "1-0"]
[WhiteElo "2461"]
[BlackElo "2414"]

1.e4 c5 2.Nf3 Nc6 3.d4 cxd4 4.Nxd4 e6 5.Nc3 d6 6.Be3 Nf6 7.Bc4 Na5 8.Bd3 a6
9.Qe2 Be7 10.O-O-O Qc7 11.g4 Nd7 12.Nf5 exf5 13.Nd5 Qd8 14.exf5 O-O 15.h4 Re8
16.g5 Bf8 17.f6 Rxe3 18.Qxe3 Ne5 19.h5 Nxd3+ 20.Qxd3 Be6 21.g6 Rc8 22.Rdg1 Bxd5
23.gxh7+ Kh8 24.Rxg7 Bxg7 25.fxg7+ Kxg7 26.Rg1+ Kh6 27.Rg8 Qxg8 28.hxg8=Q Rxg8
29.Qxd5 Rg1+ 30.Kd2 Rg5 31.Qxf7 Rxh5 32.b4 Nc6 33.Qxb7 Ne5 34.Qxa6 Kg7 35.a4 Rh2
36.Ke2  1-0

[Event "39th Olympiad Men"]
[Site "Khanty-Mansiysk RUS"]
[Date "2010.09.29"]
[Round "8"]
[White "Novita,A"]
[Black "Gonzalez Garcia,J2"]
[Result "1/2-1/2"]
[WhiteElo "2356"]
[BlackElo "2543"]

1.e4 c5 2.Nf3 e6 3.d4 cxd4 4.Nxd4 Nc6 5.Nc3 Qc7 6.Be2 a6 7.O-O b5 8.a3 Bb7
9.Kh1 Nf6 10.f4 Nxd4 11.Qxd4 Bc5 12.Qd3 h5 13.Be3 Ng4 14.Bd4 Bxd4 15.Qxd4 e5
16.fxe5 Qxe5 17.Qxe5+ Nxe5 18.Rf5 f6 19.Rxh5 Rxh5 20.Bxh5+ Ke7 21.Be2 Rc8
22.Re1 Nc4 23.Nd1 Ne5 24.Nc3 Rc5 25.Kg1 Nc4 26.Bxc4 Rxc4 27.Re3 Bc6 28.Kf2 a5
29.Ke2 Ke6 30.b3 Rc5 31.Kd3 Rh5 32.h3 Rh4 33.Nd5 Ke5 34.c4 a4 35.Nc3 bxc4+
36.bxc4 Rf4 37.Rg3 g5 38.Rf3 Rxe4 39.Ne2 d5 40.Nc3 dxc4+ 41.Kc2 Rf4 42.Re3+ Kd4
43.Re2 Rf1 44.g4 Rf3 45.Rd2+ Rd3 46.Rxd3+ cxd3+ 47.Kd2 Kc4 48.Nd1 Be4 49.Nc3 Bc6
50.Nd1 Kb3 51.Kxd3 Kxa3 52.Kc3 Bg2 53.Ne3 Bxh3 54.Kc2 Bxg4 55.Nxg4 f5 56.Nh6 f4
57.Kc3 Ka2 58.Kc2 Ka3 59.Kc3  1/2-1/2

[Event "39th Olympiad Men"]
[Site "Khanty-Mansiysk RUS"]
[Date "2010.09.29"]
[Round "8"]
[White "Sjugirov,S"]
[Black "De la Riva Aguado,O"]
[Result "0-1"]
[WhiteElo "2627"]
[BlackElo "2521"]

1.e4 c5 2.Nf3 Nc6 3.d4 cxd4 4.Nxd4 e6 5.Nc3 Qc7 6.Be3 a6 7.Qd2 Nf6 8.O-O-O Bb4
9.f3 O-O 10.a3 Be7 11.g4 b5 12.g5 Ne8 13.Nf5 exf5 14.Nd5 Qb7 15.exf5 Nc7
16.f6 Bd8 17.Bf4 Nxd5 18.Qxd5 Bc7 19.Bg3 d6 20.fxg7 Re8 21.Bg2 Ne7 22.Qd2 Bf5
23.Rhe1 Rac8 24.c3 d5 25.Qd4 a5 26.Bxc7 Qxc7 27.Bf1 b4 28.axb4 axb4 29.Qxb4 Rb8
30.Bb5 Rxb5 31.Qxb5 Qf4+ 32.Rd2 Ra8  0-1

[Event "39th Olympiad Men"]
[Site "Khanty-Mansiysk RUS"]
[Date "2010.09.29"]
[Round "8"]
[White "Kett,T"]
[Black "Hasan,Me"]
[Result "1-0"]
[WhiteElo "2219"]
[BlackElo "2322"]

1.e4 c5 2.Nf3 e6 3.d4 cxd4 4.Nxd4 Nc6 5.Nc3 Qc7 6.Be2 a6 7.Be3 Nf6 8.O-O Be7
9.f4 d6 10.a4 O-O 11.Kh1 Re8 12.Bf3 Bd7 13.Qe1 Bf8 14.Qh4 Nb4 15.Rf2 Rac8
16.g4 Bc6 17.Nxc6 bxc6 18.g5 Nd7 19.Rg1 g6 20.Bg4 Bg7 21.Rg3 c5 22.Rh3 Nf8
23.f5 Bd4 24.f6 h5 25.Bxh5  1-0

[Event "39th Olympiad Men"]
[Site "Khanty-Mansiysk RUS"]
[Date "2010.09.29"]
[Round "8"]
[White "Shukuraliev,A"]
[Black "Mekhitarian,K"]
[Result "1-0"]
[WhiteElo "2332"]
[BlackElo "2550"]

1.e4 c5 2.Nf3 Nc6 3.d4 cxd4 4.Nxd4 e6 5.Nc3 Qc7 6.Be2 Nf6 7.O-O a6 8.Kh1 Be7
9.f4 d6 10.Be3 O-O 11.a3 Nxd4 12.Bxd4 e5 13.Be3 exf4 14.Rxf4 Be6 15.Bd3 Nd7
16.Nd5 Bxd5 17.exd5 Ne5 18.Bd4 g6 19.Rf1 Rac8 20.c3 f5 21.Rc1 Bf6 22.Be2 Qg7
23.Bg1 Bg5 24.Rc2 Qh6 25.Qd4 Nd7 26.b4 Rfe8 27.Qa7 Nf6 28.Bf3 Re7 29.c4 Be3
30.c5 Bxg1 31.Rxg1 Qe3 32.Qb6 Rce8 33.Qxd6 Qd4 34.Rcc1 Rd7 35.Qg3 Nxd5 36.Rcd1 Qc4
37.Rge1 Rxe1+ 38.Rxe1 Nf4 39.h3 Qc3 40.Kh2 Qc4 41.Qh4 a5 42.b5 Rf7 43.Rd1 Kg7
44.Rd2 h6 45.Bd5 Qxd5 46.Rxd5 Nxd5 47.Qd4+ Nf6 48.Qe5 Kf8 49.a4 h5 50.c6 bxc6
51.b6 Ne8 52.Qh8+ Ke7  1-0